<The> Witch Doctors What the Management Gurus are Saying, why it Matters and how to Make Sense of it

Salvato in:
Dettagli Bibliografici
Autore principale: Micklethwait, John
Altri autori: Wooldridge, Adrian
Natura: Libro
Lingua:inglese
Pubblicazione: London Heinemann 1996
Edizione:1. ed.
Soggetti:
Tags: Aggiungi Tag
Nessun Tag, puoi essere il primo ad aggiungerne!!

MARC

LEADER 00000nam a2200000 4500
001 c021731
005 20221205125758.3
020 |a 0-434-00426-X 
041 0 |a eng 
044 |a GB 
245 1 0 |a <The> Witch Doctors  |b What the Management Gurus are Saying, why it Matters and how to Make Sense of it  |c John Micklethwait, Adrian Wooldridge 
250 |a 1. ed. 
264 1 |a London  |b Heinemann  |c 1996 
300 |a 404 s. 
610 2 0 |a manažéri 
610 2 0 |a manažment 
610 2 0 |a riadenie 
610 2 0 |a riadenie strategické 
610 2 0 |a riadenie vrcholové 
610 2 0 |a riaditelia 
610 2 0 |a vedenie 
610 2 0 |a pracovníci duševní 
610 2 0 |a pracovníci riadiaci 
610 2 0 |a osobnosť 
610 2 0 |a USA 
610 2 0 |a Veľká Británia 
610 2 0 |a veda o riadení 
100 1 |a Micklethwait, John 
700 1 |a Wooldridge, Adrian